000 00350nam a2200121Ia 4500
008 231129s9999||||xx |||||||||||||| ||spa||
020 _a958-827-18-3
082 _aCD 02 FRE-11
100 _aMurillo Vargas John Fredy
245 0 _aEstudio de las Runas
264 _aPereira : Editora Nesmur
942 _2ddc
_cBKS
999 _c13624
_d13624